| 000 | 02972nam a2200481 i 4500 | ||
|---|---|---|---|
| 001 | 194319 | ||
| 003 | SpMaBN | ||
| 005 | 20250928121617.0 | ||
| 007 | ta | ||
| 008 | 240424s2019 sp a | |||| 001 0dspa | ||
| 017 |
_aB 5491-2019 _bOficina Depósito Legal Barcelona |
||
| 020 | _a9788417346560 | ||
| 035 | _a(OCoLC)1121557459 | ||
| 035 | _aa6509405 | ||
| 040 |
_aSpMaBN _bspa _cSpMaBN _erda _dES-MaACL |
||
| 080 | _a78 Schubert, Franz | ||
| 080 | _a821.112.2 Müller, Wilhelm 7 Winterreise.08 | ||
| 100 | 1 |
_aBostridge, Ian _9235990 _eaut |
|
| 245 | 1 | 0 |
_a"Viaje de invierno" de Schubert : _banatomía de una obsesión / _cIan Bostridge ; traducción del inglés y del alemán de Luis Gago. |
| 250 | _aPrimera edición: marzo de 2019 | ||
| 264 | 1 |
_aBarcelona : _bAcantilado, _c2019 |
|
| 264 | 4 | _c©2019 | |
| 300 |
_a285 páginas, 16 páginas de láminas (color) sin numerar (color) : _bilustraciones (blanco y negro) ; _c21 cm |
||
| 336 |
_aTexto _2rdacontent |
||
| 337 |
_asin mediación _2rdamedia |
||
| 338 |
_avolumen _2rdacarrier |
||
| 490 | 1 |
_aEl Acantilado _v385 |
|
| 500 | _aTraducción de: Schubert's Winter Journey | ||
| 500 | _aCatalogación provisional. N-9956. Depósito J | ||
| 504 | _aBibliografía: páginas 369-384. Índice | ||
| 520 | _aIan Bostridge comparte en estas páginas su pasión por una de las obras más extraordinarias y enigmáticas de la música occidental, el schubertiano ciclo de Lieder Viaje de invierno, del que en la actualidad es uno de sus más celebrados intérpretes. Examinando uno a uno los veinticuatro poemas de Wilhelm Müller que lo integran, descifra sus enigmas y sutiles significados, así como las circunstancias biográficas del compositor y los condicionantes históricos que pudieron intervenir en la concepción de una de las más perfectas simbiosis de música y poesía. El resultado es un ensayo cautivador e ilustrado en el que distintos saberes, imágenes y lecturas—desde Jean-Jacques Rousseau o Immanuel Kant, pasando por Johann Wolfgang Goethe, Mary Shelley o Charlotte Brontë, hasta Samuel Beckett o Slavoj Žižek—dialogan para hacer de este singular viaje al corazón del romanticismo alemán una auténtica aventura que atrapará a expertos y neófitos por igual. | ||
| 600 | 1 | 7 |
_aSchubert, Franz _d1797-1828. _tWinterreise _2embne _9235991 |
| 600 | 0 |
_aMüller, Wilhelm, _d1794-1827. _tWinterreise- _xCrítica textual _9235992 |
|
| 830 |
_9179782 _aEl Acantilado ; _v385 |
||
| 852 |
_aES-MaACL _bR.155106 _cDEPOJ _jN-9956 _zCompra _9201921 _xEncuadernación rústica con solapas |
||
| 942 |
_n0 _cMONOGRAFIA |
||
| 999 |
_c194319 _d194319 |
||